| 000 | 00534nam a22001697a 4500 | ||
|---|---|---|---|
| 999 |
_c7893 _d7893 |
||
| 003 | GBCCL | ||
| 005 | 20241126110639.0 | ||
| 008 | 181108b ||||| |||| 00| 0 eng d | ||
| 040 | _cGBC | ||
| 082 |
_a224.707 _bHAT |
||
| 100 |
_aHatlang, Gouzakap _913766 |
||
| 245 |
_aJoel: Saptuam' Laisiangthou Hilhchetna / _cGouzakap Hatlang |
||
| 260 |
_aNew Lamka: _bEvangelical Convention Church, _c1997 |
||
| 300 |
_a55 p. _c13.5 cm x 21 cm |
||
| 650 |
_2Bible - OT - Joel - Commentary _aSunday School Lessions - EBC _913767 |
||
| 942 |
_2ddc _cBK _01 |
||